|
|
|
|
| LEADER |
00000cam a2200000 7i4500 |
| 001 |
0000000000 |
| 005 |
20010423.0 |
| 020 |
|
|
|a 9835909415
|
| 090 |
0 |
0 |
|a 959.509
|b DEV
|
| 100 |
0 |
|
|a L. Devi,
|
| 245 |
1 |
0 |
|a Target plus plus SPM citra pintar Sejarah Malaysia
|c L. Devi dan Mansor Hassan
|
| 260 |
|
|
|a Petaling Jaya :
|b Sasbadi Sdn. Bhd. ,
|c 2001
|
| 300 |
|
|
|a 230 p. ;
|c 20 cm.
|
| 650 |
0 |
0 |
|a Malaysia
|x History
|x SPM
|
| 999 |
|
|
|a 103054
|b BUKU
|c PINJAMAN
|e PERPUSTAKAAN KOMUNITI PETALING JAYA
|
| 999 |
|
|
|a 103055
|b BUKU
|c PINJAMAN
|e PERPUSTAKAAN KOMUNITI PETALING JAYA
|
| 999 |
|
|
|a 103056
|b BUKU
|c PINJAMAN
|e PERPUSTAKAAN KOMUNITI PETALING JAYA
|
| 999 |
|
|
|a 103057
|b BUKU
|c RUJUKAN
|e PERPUSTAKAAN KOMUNITI PETALING JAYA
|
| 999 |
|
|
|a 103058
|b BUKU
|c PINJAMAN
|e PERPUSTAKAAN KOMUNITI PETALING JAYA
|
| 999 |
|
|
|a 103059
|b BUKU
|c PINJAMAN
|e PERPUSTAKAAN KOMUNITI PETALING JAYA
|
| 999 |
|
|
|a AV 2220
|b DIGITAL VIDEO DISC
|c PINJAMAN
|e PERPUSTAKAAN KOMUNITI PETALING JAYA
|